Statistics for All-Time Premier League Table

Click here to take the quiz!

General Stats

  • This quiz has been taken 570 times
    (418 since last reset)
  • The average score is 11 of 46

Answer Stats

PositionClubLeague in 2013/14 Season% Correct
1Manchester UnitedPremier League
100%
2ArsenalPremier League
95%
3ChelseaPremier League
92%
4LiverpoolPremier League
90%
5Tottenham HotspurPremier League
82%
6Aston VillaPremier League
56%
7EvertonPremier League
56%
8Newcastle UnitedPremier League
48%
9Blackburn RoversChampionship
38%
10Manchester CityPremier League
36%
20WimbledonLeague 1 (Under a Different Name)
33%
11West Ham UnitedPremier League
32%
12Leeds UnitedChampionship
31%
14SouthamptonPremier League
20%
25PortsmouthLeague 2
20%
13MiddlesbroughChampionship
16%
17SunderlandPremier League
16%
46Cardiff CityPremier League
13%
15Bolton WanderersChampionship
13%
45Swindon TownLeague 1
12%
16FulhamPremier League
12%
37Swansea CityPremier League
12%
31Stoke CityPremier League
11%
18Coventry CityLeague 1
10%
19Sheffield WednesdayChampionship
9%
39Hull CityPremier League
9%
38Oldham AthleticLeague 1
9%
33Crystal PalacePremier League
9%
26Norwich CityPremier League
9%
28Derby CountyChampionship
9%
29West Bromwich AlbionPremier League
8%
21Charlton AthleticChampionship
8%
34Wolverhampton WanderersLeague 1
8%
35Sheffield UnitedLeague 1
8%
40Bradford CityLeague 1
8%
42BlackpoolChampionship
7%
27Queens Park RangersChampionship
7%
43BarnsleyChampionship
7%
22Leicester CityChampionship
7%
44BurnleyChampionship
6%
23Wigan AthleticChampionship
6%
24Birmingham CityChampionship
6%
41WatfordChampionship
5%
30Nottingham ForestChampionship
5%
36ReadingChampionship
5%
32Ipswich TownChampionship
5%

Score Distribution

Percentile by Number Answered

Percent of People with Each Score

Your Score History

You have not taken this quiz since the last reset